00343 a2200109 450000500170000002000180001708200120003511100190004724500740006626000390014030000540017920250613124957.0 a9780821357408 a332 WOR aThe World Bank aGlobal Development Finance: Harnessing Cyclical Gains for Development aWashington DC,bWorld Bank,c2004. axv,232p.:ill.;figures, tablesbBibliographyc28cm